000 00236nam a22001097a 4500
082 _a910 SWI'G
100 _aSWIFT, JONATHAN
_946035
245 _aGULLIVERS TRAVELS
260 _aNEWYORK
_bRINEHART
_c1956
300 _a295P
942 _cBK
999 _c568089
_d568089